<?xml version="1.0" encoding="UTF-8"?>
<record
    xmlns:xsi="http://www.w3.org/2001/XMLSchema-instance"
    xsi:schemaLocation="http://www.loc.gov/MARC21/slim http://www.loc.gov/standards/marcxml/schema/MARC21slim.xsd"
    xmlns="http://www.loc.gov/MARC21/slim">

  <leader>00660    a2200205   4500</leader>
  <controlfield tag="001">144131</controlfield>
  <controlfield tag="003">OSt</controlfield>
  <controlfield tag="005">20260416142555.0</controlfield>
  <controlfield tag="008">                                        </controlfield>
  <datafield tag="020" ind1=" " ind2=" ">
    <subfield code="a">9788192093208</subfield>
  </datafield>
  <datafield tag="082" ind1=" " ind2=" ">
    <subfield code="a">294.52114</subfield>
    <subfield code="b">L14H</subfield>
  </datafield>
  <datafield tag="100" ind1="1" ind2=" ">
    <subfield code="a">&#x932;&#x916;&#x93E;&#x935;&#x924;, &#x913;&#x902;&#x915;&#x93E;&#x930; &#x938;&#x93F;&#x902;&#x939;</subfield>
  </datafield>
  <datafield tag="245" ind1="1" ind2=" ">
    <subfield code="a">&#x939;&#x93F;&#x902;&#x917;&#x932;&#x93E;&#x91C; &#x936;&#x915;&#x94D;&#x924;&#x93F;&#x92A;&#x940;&#x920;</subfield>
    <subfield code="c">By &#x913;&#x902;&#x915;&#x93E;&#x930; &#x938;&#x93F;&#x902;&#x939; &#x932;&#x916;&#x93E;&#x935;&#x924;</subfield>
  </datafield>
  <datafield tag="260" ind1=" " ind2=" ">
    <subfield code="a">&#x92A;&#x941;&#x937;&#x94D;&#x915;&#x930;</subfield>
    <subfield code="b">&#x924;&#x940;&#x930;&#x94D;&#x925; &#x92A;&#x947;&#x932;&#x947;&#x938; &#x92A;&#x94D;&#x930;&#x915;&#x93E;&#x936;&#x915;</subfield>
    <subfield code="c">2011</subfield>
  </datafield>
  <datafield tag="300" ind1=" " ind2=" ">
    <subfield code="a">216p.</subfield>
  </datafield>
  <datafield tag="546" ind1=" " ind2=" ">
    <subfield code="a">hindi</subfield>
  </datafield>
  <datafield tag="650" ind1=" " ind2=" ">
    <subfield code="a">Hindu religion</subfield>
  </datafield>
  <datafield tag="653" ind1=" " ind2=" ">
    <subfield code="a">Religion; Hindu pilgrims and pilgrimages</subfield>
  </datafield>
  <datafield tag="942" ind1=" " ind2=" ">
    <subfield code="2">ddc</subfield>
    <subfield code="c">BK</subfield>
  </datafield>
  <datafield tag="999" ind1=" " ind2=" ">
    <subfield code="c">22105</subfield>
    <subfield code="d">22105</subfield>
  </datafield>
  <datafield tag="952" ind1=" " ind2=" ">
    <subfield code="0">0</subfield>
    <subfield code="1">0</subfield>
    <subfield code="2">ddc</subfield>
    <subfield code="4">0</subfield>
    <subfield code="7">0</subfield>
    <subfield code="8">TXB</subfield>
    <subfield code="a">CURAJ</subfield>
    <subfield code="b">CURAJ</subfield>
    <subfield code="c">CMS</subfield>
    <subfield code="d">2014-03-12</subfield>
    <subfield code="e">Lokayat Prakashan</subfield>
    <subfield code="g">300.00</subfield>
    <subfield code="i">23190/15.10.13</subfield>
    <subfield code="l">0</subfield>
    <subfield code="o">294.52114 L14H</subfield>
    <subfield code="p">16421</subfield>
    <subfield code="r">2024-11-21</subfield>
    <subfield code="w">2020-09-02</subfield>
    <subfield code="y">BK</subfield>
  </datafield>
</record>
